000 01116nam a2200313 4500
003 OSt
005 20260530113915.0
008 260507b1997 dk a|||| |||| 00| 0 dan d
020 _a8787385627
020 _a87-87385-90-2
040 _aICI
_bspa
_cICI
_erda
041 _adan
050 _aNK1505
_b.P76 1997
100 _eautor
245 _aProfession designer.
250 _a1997 edition.
264 _aCopenhagen :
_bDanish Design Center,
_c1997.
336 _2rdacontent
_atexto
337 _2rdamedia
_asin medio
338 _2rdacarrier
_avolumen
500 _aObra publicada en dos volúmenes.
502 _aPublicación dedicada a la práctica profesional,
520 _aEstudio sobre la profesión del diseñador y los procesos creativos en el diseño industrial y gráfico, con énfasis en el contexto escandinavo y europeo contemporáneo.
650 _aIndustrial design
_xProfessional practice.
_933924
650 _aIndustrial designers
_xVocational guidance.
_933925
650 _aGraphic arts
_xVocational guidance.
_933926
650 _aDesign
_xMethodology
_933927
942 _2lcc
_cBK
_n1
999 _c12246
_d12246